Rappers by City/Borough - Statistics

General Stats
  • This quiz has been taken 80 times
  • The average score is 7 of 16
Answer Stats
Hint Answer % Correct
Ice Cube Los Angeles
85%
Juice WRLD Chicago
78%
Eminem Detroit
76%
Eazy-E Compton
74%
Notorious B.I.G. Brooklyn
62%
André 3000 Atlanta
54%
Big Pun Bronx
53%
Snoop Dogg Long Beach
47%
Uncle Luke Miami
41%
Scarface Houston
40%
Lil Wayne New Orleans
37%
Yo Gotti Memphis
29%
Keak da Sneak Oakland
25%
Big L Harlem
19%
E-40 Vallejo
4%
Lauryn Hill East Orange
3%
No matching quizzes found
Score Distribution
Percent of People with Each Score
Percentile by Number Answered
Your Score History
You have not taken this quiz